Afro-Bets book of shapes / (Запис № 466086)

МАРК-запис
000 -LEADER
fixed length control field 01922cam a2200409 a 4500
001 - CONTROL NUMBER
control field afrobetsbookofsh00brow
003 - CONTROL NUMBER IDENTIFIER
control field CaSfIA
005 - DATE AND TIME OF LATEST TRANSACTION
control field 20210117182309.0
007 - PHYSICAL DESCRIPTION FIXED FIELD--GENERAL INFORMATION
fixed length control field cr||||
008 - FIXED-LENGTH DATA ELEMENTS--GENERAL INFORMATION
fixed length control field 911004s1991 njua j 000 0 eng
010 ## - LIBRARY OF CONGRESS CONTROL NUMBER
LC control number 91076334
040 ## - CATALOGING SOURCE
Original cataloging agency DLC
Transcribing agency DLC
Modifying agency SGR
-- SPP
-- OCL
-- BTCTA
-- YDXCP
-- CaSfIA
020 ## - INTERNATIONAL STANDARD BOOK NUMBER
International Standard Book Number 0940975297
020 ## - INTERNATIONAL STANDARD BOOK NUMBER
International Standard Book Number 9780940975293
035 ## - SYSTEM CONTROL NUMBER
System control number (OCoLC)25043888
050 00 - LIBRARY OF CONGRESS CALL NUMBER
Classification number QA445.5
Item number .B76 1991
082 04 - DEWEY DECIMAL CLASSIFICATION NUMBER
Classification number 516.2
Edition number 20
029 1# - (OCLC)
OCLC library identifier YDXCP
System control number 1127711
100 1# - MAIN ENTRY--PERSONAL NAME
Personal name Brown, Margery W.
245 10 - TITLE STATEMENT
Title Afro-Bets book of shapes /
Medium [electronic resource]
Statement of responsibility, etc by Margery W. Brown ; illustrations by Culverson Blair.
250 ## - EDITION STATEMENT
Edition statement 1st ed.
260 ## - PUBLICATION, DISTRIBUTION, ETC. (IMPRINT)
Place of publication, distribution, etc Orange, NJ :
Name of publisher, distributor, etc Just Us Books,
Date of publication, distribution, etc c1991.
300 ## - PHYSICAL DESCRIPTION
Extent 1 v. (unpaged) :
Other physical details ill. (some col.) ;
Dimensions 21 cm.
520 ## - SUMMARY, ETC.
Summary, etc The Afro-bets kids help children to learn the difference between several shapes: circles, squares, hearts, rectangles, triangles, and diamonds.
506 ## - RESTRICTIONS ON ACCESS NOTE
Standardized terminology for access restriction Необхідна авторизація на https://archive.org/ (створення облікового запису безкоштовно)
506 ## - RESTRICTIONS ON ACCESS NOTE
Standardized terminology for access restriction Необхідна авторизація на https://openlibrary.org/ (створення облікового запису безкоштовно)
650 #0 - SUBJECT ADDED ENTRY--TOPICAL TERM
Topical term or geographic name as entry element Geometry
Form subdivision Juvenile literature.
650 #1 - SUBJECT ADDED ENTRY--TOPICAL TERM
Topical term or geographic name as entry element Shape.
650 #1 - SUBJECT ADDED ENTRY--TOPICAL TERM
Topical term or geographic name as entry element Geometry.
700 1# - ADDED ENTRY--PERSONAL NAME
Personal name Blair, Culverson.
740 01 - ADDED ENTRY--UNCONTROLLED RELATED/ANALYTICAL TITLE
Uncontrolled related/analytical title Book of shapes.
776 08 - ADDITIONAL PHYSICAL FORM ENTRY
Display text Online version:
Main entry heading Brown, Margery W.
Title Afro-Bets book of shapes.
Edition 1st ed.
Place, publisher, and date of publication Orange, NJ : Just Us Books, c1991
Record control number (OCoLC)643826442
856 41 - ELECTRONIC LOCATION AND ACCESS
Uniform Resource Identifier <a href="http://www.archive.org/details/afrobetsbookofsh00brow">http://www.archive.org/details/afrobetsbookofsh00brow</a>
Public note Free eBook from the Internet Archive
856 42 - ELECTRONIC LOCATION AND ACCESS
Uniform Resource Identifier <a href="http://www.openlibrary.org/books/OL1576359M">http://www.openlibrary.org/books/OL1576359M</a>
Public note Additional information and access via Open Library
942 ## - ADDED ENTRY ELEMENTS (KOHA)
Koha item type ЕКнига

Немає доступних примірників.